Statistics for Every NBA teams best guard defender of all-time

Click here to take the quiz!

General Stats

  • This quiz has been taken 12 times
  • The average score is 14 of 30

Answer Stats

TeamPlayer% Correct
CHIMichael Jordan
100%
OKLGary Payton
92%
MIADwyane Wade
75%
BKNJason Kidd
75%
DALJason Kidd
75%
SASAlvin Robertson
67%
HOUClyde Drexler
58%
PORClyde Drexler
58%
PHODennis Johnson
58%
BOSDennis Johnson
58%
DETJoe Dumars
58%
UTAJohn Stockton
58%
NOPJrue Holiday
58%
NYKWalt Frazier
58%
PHIMaurice Cheeks
50%
MEMTony Allen
50%
LALMichael Cooper
42%
MILSidney Moncrief
42%
CHABaron Davis
33%
WASJohn Wall
33%
DENFat Lever
25%
GSWFat Lever
25%
TORKyle Lowry
25%
ORLTracy McGrady
25%
SACDoug Christie
17%
ATLMookie Blaylock
17%
MINAnthony Edwards
8%
LACRon Harper
8%
CLERon Harper
8%
INDDon Buse
0%

Score Distribution

Percentile by Number Answered

Percent of People with Each Score

Your Score History

You have not taken this quiz